|
|
|
|
| LEADER |
00000nam a2200000 a 4500 |
| 005 |
20131220141336.0 |
| 007 |
cr|||| |||| |
| 008 |
131212s2013 spc f b 000 0 spa c |
| 017 |
|
|
|a DL B. 26005-2013
|b Biblioteca de Catalunya
|
| 020 |
|
|
|a 9788494143533
|
| 035 |
|
|
|a 11716
|
| 040 |
|
|
|d vLex
|
| 080 |
|
|
|a 330.322(728.7)
|
| 090 |
|
|
|c 4649
|d 4649
|
| 100 |
1 |
|
|a Urquizu Caball,̌ ℓngel
|
| 245 |
1 |
3 |
|a La Inversin̤ empresarial en la Repb︢lica de Panam ̀
|h [Recurso electrn̤ico] :
|b sistema tributario, plataformas jurd̕icas y convenios para evitar la doble imposicin̤ internacional /
|c ℓngel Urquizu Cavalľ
|
| 256 |
|
|
|a Servicio en ln̕ea
|
| 260 |
|
|
|a Barcelona :
|b J.M. Bosch Editor,
|c 2013
|
| 300 |
|
|
|a 1 recurso electrn̤ico
|
| 504 |
|
|
|a Bibliografa̕: p. 599-603
|
| 506 |
1 |
|
|a Contenido solo disponible en los productos indicados
|d vLex Global
|d vLex Global (Academic Edition, excluding Law Schools)
|d vLex Global (U.S. Academic Edition, Law Schools)
|d vLex Global (U.S. Academic Edition, excluding Law Schools)
|d vLex Global (Academic Edition, Law Schools)
|
| 650 |
|
7 |
|a Anl̉isis financera
|z Panam̀
|
| 650 |
|
7 |
|a Inversiones
|z Panam̀
|
| 740 |
0 |
|
|a vLex Libros (Servicio en ln̕ea)
|
| 830 |
|
0 |
|a Coleccin̤ de fiscalidad
|
| 856 |
4 |
0 |
|u http://vlex.com/source/inversion-empresarial-en-la-republica-de-panama-sistema-tributario-plataformas-juridicas-y-convenios-para-evitar-la-doble-imposicion-internacional-11716
|z Acceso restringido
|
| 942 |
|
|
|c BOOK
|
| 999 |
0 |
|
|a Investments
|